Statistiques concernant Carte topologique des provinces et territoires du Canada

Cliquez ici pour prendre le quiz!

Statistiques générales

  • Ce quiz a été pris 101 fois
  • Le résultat moyen est 8 sur 13

Réponses sur la Carte

Les réponses sont colorées sur une échelle allant du rouge au vert en fonction du pourcentage des utilisateurs qui les ont devinées à leur premier essai. Vous pouvez retrouver ces pourcentages ci-dessous.
 

Statistiques - réponses

Réponse% Correct
Ontario
74%
Ile-du-Prince-Edouard
72%
Québec
72%
Nouvelle-Ecosse
71%
Nunavut
71%
Manitoba
64%
Yukon
64%
Territoires-du-Nord-Ouest
63%
Colombie-Britannique
61%
Alberta
60%
Saskatchewan
58%
Terre-Neuve-et-Labrador
58%
Nouveau-Brunswick
57%

Distribution des résultats

Percentile par nombre de réponses

% des personnes avec chaque résultat

Votre développement - résultats

Vous n’avez pas pris ce quiz